00671nam a2200181Ia 4500001001000000003000500010008004100015010001100056040000900067100003400076245015600110260003500266300001000301502008700311650002700398650001400425710005000439Para_1065CHAP220125s1996 xx 000 0 und d a199809 cCHAP aMartínez Bolaños, Luciano aDiagnostico de enfermedades en plantas de narciso (Narcissus sp.), importadas de Holanda, en Xochimilco; México /c por Luciano Martínez Bolaños aChapingo, Méx. :b El autor a56 h. aTesis (Ing. Agr. Esp. en Parasitología Agrícola), UACh. Depto. Parasitología aFlores x enfermedades aNarcisos  aUACh. Departamento Parasitología Agrícola